| 000 | 02625nam0a2200481 4500 | ||
|---|---|---|---|
| 001 | RU\NLR\BIBL_A\016269820 | ||
| 005 | 20230616113920.0 | ||
| 010 |
_a978-5-09-102227-8 _9129 |
||
| 021 |
_aRU _bКН-П-22-090527 _9КН-П-22-8049 |
||
| 035 | _a(NLR Aleph) 016269820 | ||
| 035 | _a(RuMoRGB)011489495 | ||
| 090 |
_a12882470 _c12882470 |
||
| 100 | _a20230126d2022 c y0rusy50 ca | ||
| 101 | 0 |
_arus _aulc |
|
| 102 | _aRU | ||
| 105 | _aa z 000zy | ||
| 181 | 0 |
_ai _baxxe |
|
| 182 | 0 | _an | |
| 200 | 1 |
_aБукварь _e1 класс _eучебное пособие на ульчском языке для общеобразовательных организаций _eв соответствии с ФГОС _fК. Ф. Дечули, Л. И. Сем, В. А. Дечули |
|
| 203 |
_aТекст _bвизуальный _cнепосредственный |
||
| 210 |
_aМосква _cПросвещение _aСанкт-Петербург _cСанкт-Петербургский филиал изд-ва "Просвещение" _d2022 |
||
| 215 |
_a191 с. _cцв. ил. _d26 |
||
| 225 | 1 | _aНовый учебник Дальнего Востока | |
| 225 | 1 | _aФГОС | |
| 300 | _aЗагл. обл. и корешка: Нāн'и хэсэни букварь | ||
| 300 | _aТекст ульч., рус. | ||
| 330 | _aБукварь открывает линию УМК по обучению ульчского языку как родному в начальной школе. Методика построена на принципах функциональности и коммуникативности. Учебное пособие даёт возможность формирования универсальных учебных действий и достижения планируемых результатов в соответствии с ФГОС | ||
| 333 | _a6+ | ||
| 512 | 1 | _aНāн'и хэсэни букварь | |
| 606 | 1 |
_aУльчский язык _jБуквари _2nlr_sh2 _3RU\NLR\AUTH\661122717 |
|
| 675 |
_a373.167.1:811.512.221.5 _v4 |
||
| 675 |
_a811.512.221.5(075.2) _v4 |
||
| 686 | 3 | _aШ165.24-922.1[1] Б | |
| 700 | 1 |
_aДечули _bК. Ф. _gКлавдия Федоровна _4070 |
|
| 701 | 1 |
_aСем _bЛ. И. _gЛидия Ивановна _4070 |
|
| 701 | 1 |
_aДечули _bВ. А. _gВера Александровна _4070 |
|
| 852 |
_aNLR _bОНЛ _jУльч./4-4 |
||
| 942 | _cBOOK | ||
| 980 | _aSCAN_REQUEST | ||
| 980 | _aNB | ||